| 000 | 00599nam a2200229Ia 4500 | ||
|---|---|---|---|
| 003 | OSt | ||
| 005 | 20221005120930.0 | ||
| 006 | a|||||r|||| 00| 0 | ||
| 007 | ta | ||
| 008 | 221004b |||||||| |||| 00| 0 eng d | ||
| 024 | _a35913 | ||
| 037 | _cTextual | ||
| 040 |
_aCRL _cCRL _beng |
||
| 041 |
_2eng _aeng |
||
| 082 | _aO:1L92w, G01 | ||
| 100 |
_aMassingham H J _957555 |
||
| 245 | 0 |
_aFriend of Shelley _b A memoir of Edward John Trelawny |
|
| 260 | _c1940 | ||
| 650 | _aENGLISH LITERATURE | ||
| 942 |
_hO:1L92w, G01 _cTEXL _2cc |
||
| 999 |
_c1039582 _d1039582 |
||